01104nam a2200217 i 4500001000700000003000900007005001700016007000300033008004100036100002900077245026200106260007500368300002900443534007000472594010000542650004800642700002900690852002200719999001900741952012600760128067ES-MaACL20230906193143.0t|070214s1960 sp r ||||1| spa d1 aBrun, Jerónimo.93214110aLevantamiento de dos galeras de la escuadra de Yussuf Bey, piloto real del Gran Turco, con muerte de 340 turcos y liberación de 430 cristianosb: año de MDXC / creimpresión del original redactado por G. Brun ; versión al inglés de C. V. Malfatti. aBarcelona : b[s. n.], c1960 (fSociedad Alianza de Artes Gráficas) a22 p. : bil. ; c26 cm. pReimp. de la ed. de: cEn Çaragoça : Lorenzo de Robles, 1590. aIncluye versión al inglés de C.V. Malfatti. Transcripción de documentos contemporáneos. 4aPiratas-zMediterráneo (Región)92194471 aMalfatti, Cesare.9757614 aES-MaACLjC-18917 c128067d128067 00104070aATENEOMbATENEOMcGaleríad2008-01-17eSCl0oC-18917p1133385r2023-02-23 00:00:00w2023-02-23yMONOGRAFIA